Educación cívica y ciudadana / (Registro nro. 49953)
[ vista simple ]
| 000 -CABECERA | |
|---|---|
| campo de control de longitud fija | 00835nam a22002177a 4500 |
| 003 - IDENTIFICADOR DEL NÚMERO DE CONTROL | |
| campo de control | DO-SdBNP |
| 005 - FECHA Y HORA DE LA ÚLTIMA TRANSACCIÓN | |
| campo de control | 20210617135501.0 |
| 008 - DATOS DE LONGITUD FIJA--INFORMACIÓN GENERAL | |
| campo de control de longitud fija | 210617b 2018 dr ac 00| 0 eng d |
| 020 ## - NÚMERO INTERNACIONAL ESTÁNDAR DEL LIBRO | |
| Número Internacional Estándar del Libro | 9789945803013 |
| 040 ## - FUENTE DE LA CATALOGACIÓN | |
| Centro catalogador/agencia de origen | DO-SdBNP |
| Lengua de catalogación | spa |
| Centro/agencia transcriptor | BNPHU |
| 100 1# - ENTRADA PRINCIPAL--NOMBRE DE PERSONA | |
| Nombre de persona | Belliard, Rosa María |
| 9 (RLIN) | 78904 |
| 245 10 - MENCIÓN DE TÍTULO | |
| Título | Educación cívica y ciudadana / |
| Mención de responsabilidad, etc. | María Rosa Belliard. |
| 246 ## - FORMA VARIANTE DE TÍTULO | |
| Título propio/Titulo breve | Educación cívica y ciudadana : |
| Resto del título | guía para recuperar los valores sociales y humanos y fortalecer las normas de civilidad. |
| 260 ## - PUBLICACIÓN, DISTRIBUCIÓN, ETC. | |
| Lugar de publicación, distribución, etc. | Santo Domingo : |
| Nombre del editor, distribuidor, etc. | Corripio, |
| Fecha de publicación, distribución, etc. | 2018. |
| 300 ## - DESCRIPCIÓN FÍSICA | |
| Extensión | 226 p. : |
| Otras características físicas | il., retrs, , |
| Dimensiones | 23 cm. |
| 500 ## - NOTA GENERAL | |
| Nota general | Incluye datos biográficos de la autora en las solapas |
| 504 ## - NOTA DE BIBLIOGRAFÍA, ETC. | |
| Nota de bibliografía, etc. | Bibliografía : p. 226 |
| 590 ## - NOTA LOCAL (RLIN) | |
| Nota local | Inventariado, 2021 /LP<br/> <br/> |
| 590 ## - NOTA LOCAL (RLIN) | |
| Nota local | La biblioteca posee 1 ejemplar autografiado por la autora |
| 942 ## - ELEMENTOS DE PUNTO DE ACCESO ADICIONAL (KOHA) | |
| Fuente del sistema de clasificación o colocación | Dewey Decimal Classification |
| Tipo de ítem Koha | Libro |
| Estado de retiro | Estado de pérdida | Fuente del sistema de clasificación o colocación | Restricciones de uso | No para préstamo | Código de colección | Localización permanente | Ubicación/localización actual | Ubicación en estantería | Fecha de adquisición | Fuente de adquisición | Total de préstamos | Código de barras | Fecha visto por última vez | Precio válido a partir de | Tipo de ítem Koha | Número de copia |
|---|---|---|---|---|---|---|---|---|---|---|---|---|---|---|---|---|
| Dewey Decimal Classification | Préstamo en sala | Monografías: Libros y Folletos | Biblioteca Nacional Pedro Henríquez Ureña | General | Depósito | 17.06.2021 | Depósito Legal | 2021-2130 | 17.06.2021 | 17.06.2021 | Libro | e.3 | ||||
| Dewey Decimal Classification | Excluido de préstamo | Excluido de préstamo | Monografías: Libros y Folletos | Biblioteca Nacional Pedro Henríquez Ureña | Patrimonio Dominicano | Depósito | 17.06.2021 | Depósito Legal | 2021-2128 | 17.06.2021 | 17.06.2021 | Libro | ||||
| Dewey Decimal Classification | Excluido de préstamo | Préstamo restrigido | Monografías: Libros y Folletos | Biblioteca Nacional Pedro Henríquez Ureña | Patrimonio Dominicano | Depósito | 17.06.2021 | Depósito Legal | 2021-2129 | 17.06.2021 | 17.06.2021 | Libro | e.2 |
